000 00651nam a22002417a 4500
003 OSt
005 20220924113710.0
006 a|||||r|||| 00| 0
007 ta
008 Pun
024 _a12028
037 _cGeneral Books
040 _aARTS
_cARTS
_bPun
041 _2Pun
_aPun
082 _aO153,2N11,ND, J1
100 _aਫੁਲ, ਗੁਰਦਿਆਲ ਸਿੰਘ
245 0 _aਨਾਰੀ ਦੀ ਜਾਗ
260 _c1951
300 _ap.
650 _aਪੰਜਾਬੀ ਸਾਹਿਤ
942 _hO153,2N11,ND, J1
_cGB
_2CC
999 _c390509
_d390509